LEADER 01793ncm a2200493 a 4500
001 000292653
003 CZ BrMZK
005 20220908072144.0
008 990305s1994 xr f cze d
020 |a 80-85530-05-8 
028 0 3 |b Fornix 
040 |a BOA001  |b cze 
080 |a 786.6  |2 MRF 
245 0 0 |a Preludi e versi in G  |h [hudebnina] :  |b libro primo 
246 3 3 |a Conclusio 
246 3 3 |a Fuga in G 
246 3 3 |a Intonazione d'organo - settimo tono 
246 3 3 |a Praeliudium bonum NB 
246 3 3 |a Praeludium in G 
246 3 3 |a Preambulum supere G 
246 3 3 |a Principium 
246 3 3 |a Ricercare 
246 3 3 |a Sonata 
246 3 3 |a Versetto 
246 3 3 |a Versi in G 
246 3 3 |a Capriccio et proportia 
250 |a Dot. 1. vyd. 
260 |a Brno :  |b Fornix,  |c 1994 
300 |a 15 s. ;  |c 30 cm 
505 2 |a Obsahuje: Preambulum super G, Intonazione d'organo - settimo tono, Ricercare ... [et al.] 
653 0 |a ricercary  |a varhanní fugy  |a varhanní preludia  |a varhany 
700 1 |a Carissimi, Giacomo,  |d 1605-1674  |7 jn19990001329  |4 cmp 
700 1 |a Diruta, Girolamo,  |d asi 1550-asi 1610  |7 xx0029676  |4 cmp 
700 1 |a Fasolo, Giovanni Battista,  |d asi 1600-asi 1664  |7 xx0030931  |4 cmp 
700 1 |a Gabrieli, Giovanni,  |d asi 1553-1612  |7 jn20000601678  |4 cmp 
700 1 |a Pachelbel, Johann,  |d 1653-1706  |7 jn19990006331  |4 cmp 
700 1 |a Zimmermann, Anton,  |d 1741-1781  |7 jn19990009430  |4 cmp 
700 1 |a Bach, Johann Sebastian,  |d 1685-1750  |7 jn19990000367  |4 cmp 
700 1 |a Banchieri, Adriano,  |d 1568-1634  |7 xx0013152  |4 cmp 
700 1 |a Brassai, Daniel,  |d 1655-1740  |7 mzk2012679480  |4 cmp 
910 |a BOA001  |b Mus4-1063.729 
964 |a Varhany  |x HUD 
990 |a MU 
996 6 |b 2610101247  |c Mus4-1063.729  |l MZK  |r Sklad / do 1 hodiny  |n 3  |p p.v.  |w 000292653  |u 000010  |a 1  |e BOA001  |j MZK50  |s P